Analýza záujmu študentov o budúce zamestnanie diplomová práca

Uložené v:
Podrobná bibliografia
Hlavný autor: Miškolci, Jozef
Korporativný autor: Fakulta hospodárskej informatiky EU. Katedra aplikovanej informatiky
Ďalší autori: Kultan, Jaroslav, 1960-
Médium: Kniha
Jazyk:Slovak
Vydavateľské údaje: Bratislava 2025
Tagy: Pridať tag
Žiadne tagy, Buďte prvý, kto otaguje tento záznam!

MARC

LEADER 00000nbm a2200000 4500
001 0310539
005 20251121134657.7
041 0 |a slo 
044 |a SK 
245 1 0 |a Analýza záujmu študentov o budúce zamestnanie  |b diplomová práca  |c Jozef Miškolci ; školiteľ: Jaroslav Kultan 
264 1 |a Bratislava  |c 2025 
300 |a 87 s. 
100 1 |a Miškolci, Jozef 
700 1 |a Kultan, Jaroslav, 1960- 
710 2 |a Fakulta hospodárskej informatiky EU. Katedra aplikovanej informatiky